Socialist register 2005. El Imperio recargado /

Na minha lista:
Detalhes bibliográficos
Autor principal: Panitch, Leo
Outros Autores: ed. Leys, Colin ed
Formato: Texto
Publicado em: Buenos Aires: CLACSO
Assuntos:
Tags: Adicionar Tag
Sem tags, seja o primeiro a adicionar uma tag!

MARC

LEADER 00000 a a2200000 04500
001 32470
003
040
020 |a 987-1183-30-5  
090 |a 202500  
100 |a Panitch, Leo  
245 |a Socialist register 2005. El Imperio recargado /  |c Leo Panitch  
260 |a Buenos Aires:   |b CLACSO  
300 |a 362 p.  
650 |a IMPERIALISMO  
650 |a ESTADOS UNIDOS  
650 |a FINANZAS INTERNACIONALES  
650 |a MERCADO FINANCIERO INTERNACIONAL  
650 |a AMERICA LATINA  
650 |a COMPETITIVIDAD  
650 |a MEDIOS DE COMUNICACION DE MASAS  
650 |a GUERRA  
700 |a ed.   |a Leys, Colin   |a ed.  
999 |c 14484  |d 14484